Changing shape of Indian politics (Record no. 374846)

000 -LEADER
fixed length control field 00348cam a22001337a 4500
008 - FIXED-LENGTH DATA ELEMENTS--GENERAL INFORMATION
fixed length control field 180718b1946 xxu||||| |||| 00| 0 eng d
082 ## - DEWEY DECIMAL CLASSIFICATION NUMBER
Classification number F5x54 M927
100 ## - MAIN ENTRY--PERSONAL NAME
Personal name Munshi, K.M.
245 ## - TITLE STATEMENT
Title Changing shape of Indian politics
Statement of responsibility, etc. by K.M. Munshi
250 ## - EDITION STATEMENT
Edition statement 2nd ed.
260 ## - PUBLICATION, DISTRIBUTION, ETC.
Place of publication, distribution, etc. Poona
Name of publisher, distributor, etc. Deshmukh
Date of publication, distribution, etc. 1946
300 ## - PHYSICAL DESCRIPTION
Extent 227p.
650 ## - SUBJECT ADDED ENTRY--TOPICAL TERM
Topical term or geographic name entry element India - Politics
Holdings
Withdrawn status Lost status Damaged status Not for loan Permanent Location Current Location Date acquired Full call number Barcode Date last seen Price effective from Koha item type
        Indian Institute of Public Administration Indian Institute of Public Administration 1994-06-30 F5x54 M927 21169 2018-07-21 2018-07-21 Book

Powered by Koha